000 02249cam a22004814i 4500
003 PE-LiUPU
005 20250731183352.0
008 150302s2014 a 000 0 spa d
020 _a6124206064
_q(colección)
020 _a6124206080
020 _a9786124206061
_q(colección)
020 _a9786124206085
035 _a(Sirsi) a162751
040 _aPE-LiUPU
_bspa
_cPE-LiUPU
_erda
049 _aPRUA
050 1 4 _aNA910
_b.A74 2014
082 4 _a724.9
_bV39
_222
100 1 _aVelarde, Héctor,
_eautor.
245 1 0 _aNociones y elementos de Arquitectura /
_cHéctor Velarde.
250 _aEdición facsimilar.
264 1 _aLima :
_bFondo Editorial PUCP,
_c2014.
300 _a114 páginas ;
_c24 centímetros.
336 _text
_2rdacontent
337 _unmediated
_2rdamedia
338 _volume
_2rdacarrier
490 0 _aColección Clásicos peruanos. Arquitectura y pensamiento.
505 8 _aMuros -- Aberturas en los muros -- Decoración de puertas y ventanas -- Los órdenes arquiictónicos -- El orden dórico -- El orden jónico -- Orden Corintio -- Cobeturas y tejados -- Bóvedas -- Escaleras -- Principios generales sobre distribuciones particulares -- Aspectos de arquitectura militar -- Clasificación de los estilos fundamentales en arquitectura.
526 _aP158
526 _aP146
526 _aP17
526 _aP12
526 _aP06
650 0 _aArquitectura
_zPerú
_xHistoria.
_95302
700 1 _aLudeña Urquizo, Wiley,
_d1955-,
_eProloguista.
942 _2ddc
_cBOOK
949 _a724.9 V39
_wDEWEY
_c1
_i74132
_lCATALOGING
_mBUL
_p37.50
_r0
_sY
_tBOOK
_u2016-08-02
_xINGENIERIA
_PP06
_0COMPRA
_o.STAFF. Colección General
994 _aC0
_bPEPRU
596 _a1
999 _a724.9 V39
_wDEWEY
_c11712
_i74132
_d11712
_e2017-5-16
_f2021-11-10
_g6
_lCCODEBUL1
_mBUL
_n2
_p37.50
_r0
_sY
_tBOOK
_u2016-8-3
_xINGENIERIA
_PP06
_0COMPRA
_o.STAFF. Colección General
999 _a724.9 V39
_wDEWEY
_c2
_i76327
_f2021-11-10
_g4
_lCCODEBUL1
_mBUL
_p23.00
_r0
_sY
_tBOOK
_u2017-8-15
_xINGENIERIA
_PP06
_0COMPRA
_o.STAFF. Colección Ingeniería y Arquitectura
980 _81
_gALBERTO SANCHEZ Responsable de Automatización